000
00285nam a2200085Ia 4500
245
0
_a
Start your own public relations business : your step-by-step guide to success
100
_a
Lynn, Jacquelyn Canada, [c.2009]
_9
80819
942
_c
BK
008
210825s9999 xx 000 0 und d
999
_c
568702
_d
568701